|
|
|
|
| LEADER |
00000caa a2200000 c 4500 |
| 001 |
1451556896 |
| 003 |
DE-627 |
| 005 |
20220531134821.0 |
| 007 |
tu |
| 008 |
130424s2013 xx ||||| 00| ||ger c |
| 020 |
|
|
|a 9783374030477
|
| 035 |
|
|
|a (DE-627)1451556896
|
| 035 |
|
|
|a (DE-576)381556891
|
| 035 |
|
|
|a (DE-599)BSZ381556891
|
| 040 |
|
|
|a DE-627
|b ger
|c DE-627
|e rakwb
|
| 041 |
|
|
|a ger
|
| 084 |
|
|
|a 0
|a 1
|2 ssgn
|
| 100 |
1 |
|
|0 (DE-588)128517921
|0 (DE-627)374201005
|0 (DE-576)177574089
|4 aut
|a Leonhardt, Rochus
|d 1965-
|
| 109 |
|
|
|a Leonhardt, Rochus 1965-
|a Lo hu seu Le on ha leu teu 1965-
|a Lohuseu-Leonhaleuteu 1965-
|a Reonharŭt'ŭ, Rohusŭ 1965-
|a Leonhaleuteu, Lohuseu 1965-
|
| 245 |
1 |
0 |
|a Äquidistanz als Götzendienst?
|b Überlegungen zu politischen Ethik im deutschen Nachkriegsprotestantismus
|c Rochus Leonhardt
|
| 264 |
|
1 |
|c 2013
|
| 336 |
|
|
|a Text
|b txt
|2 rdacontent
|
| 337 |
|
|
|a ohne Hilfsmittel zu benutzen
|b n
|2 rdamedia
|
| 338 |
|
|
|a Band
|b nc
|2 rdacarrier
|
| 601 |
|
|
|a Deutsche
|
| 773 |
0 |
8 |
|i In
|t Gott, Götter, Götzen
|d Leipzig : Evang. Verl.-Anst., 2013
|g (2013), Seite [657]-674
|h 960 S.
|w (DE-627)717871843
|w (DE-576)371881994
|z 9783374030477
|7 nnam
|
| 773 |
1 |
8 |
|g year:2013
|g pages:[657]-674
|
| 951 |
|
|
|a AR
|
| ELC |
|
|
|b 1
|
| ITA |
|
|
|a 1
|t 1
|
| ORI |
|
|
|a SA-MARC-ixtheo_oa001.raw
|
| REL |
|
|
|a 1
|
| SUB |
|
|
|a REL
|